000 00571nam a2200217Ia 4500
005 20250425162040.0
008 250425s9999 xx 000 0 und d
020 _a9561405482
041 _aspa
082 _a624.1068
100 _aCAMPERO Q., MARIO
245 0 _aADMINISTRACION DE PROYECTOS CIVILES
250 _a1A ED.
260 _aChile
_bUNIVERSIDAD CATOLICA DE CHILE
_c1999
260 _aSANTIAGO DE CHILE
300 _a322
650 _aCONTROL DE PROYECTOS
650 _aINDUSTRIA DE LA CONSTRUCCION-ADMINISTRACION
942 _c01
010 _a43045
999 _c221331
_d221331